Ancient remedies, new disease : (Record no. 1011)
[ view plain ]
| 000 -LEADER | |
|---|---|
| fixed length control field | 006970000a22001930004500 |
| 001 - CONTROL NUMBER | |
| control field | 001011 |
| 005 - DATE AND TIME OF LATEST TRANSACTION | |
| control field | 20250617114150.0 |
| 008 - FIXED-LENGTH DATA ELEMENTS--GENERAL INFORMATION | |
| fixed length control field | 110809t xxu||||| |||| 00| 0 eng d |
| 020 ## - INTERNATIONAL STANDARD BOOK NUMBER | |
| International Standard Book Number | 9291731714 |
| 082 ## - DEWEY DECIMAL CLASSIFICATION NUMBER | |
| Classification number | 616.9792 |
| Item number | UNA |
| 090 ## - LOCALLY ASSIGNED LC-TYPE CALL NUMBER (OCLC); LOCAL CALL NUMBER (RLIN) | |
| -- | 1011 |
| -- | 1011 |
| 245 ## - TITLE STATEMENT | |
| Title | Ancient remedies, new disease : |
| Remainder of title | involving traditional healers in increasing access to AIDS care and prevention in East Africa / |
| 260 ## - PUBLICATION, DISTRIBUTION, ETC. | |
| Place of publication, distribution, etc. | Geneva : |
| Date of publication, distribution, etc. | 2002 |
| Name of publisher, distributor, etc. | UNAIDS, |
| 300 ## - PHYSICAL DESCRIPTION | |
| Extent | 52 p. : |
| Other physical details | ill. ; |
| Dimensions | 30 cm. |
| 500 ## - GENERAL NOTE | |
| General note | Includes bibliographical references |
| 650 ## - SUBJECT ADDED ENTRY--TOPICAL TERM | |
| Topical term or geographic name entry element | HIV/AIDS |
| General subdivision | care and prevention |
| Geographic subdivision | East Africa |
| 9 (RLIN) | 19953 |
| 650 ## - SUBJECT ADDED ENTRY--TOPICAL TERM | |
| Topical term or geographic name entry element | Traditional healers |
| Form subdivision | AIDS |
| General subdivision | care and prevention |
| Geographic subdivision | East Africa |
| 9 (RLIN) | 19954 |
| 942 ## - ADDED ENTRY ELEMENTS (KOHA) | |
| Koha item type | Book |
| Source of classification or shelving scheme | Dewey Decimal Classification |
| Withdrawn status | Lost status | Source of classification or shelving scheme | Damaged status | Not for loan | Home library | Current library | Date acquired | Total Checkouts | Full call number | Barcode | Date last seen | Price effective from | Koha item type | Public note |
|---|---|---|---|---|---|---|---|---|---|---|---|---|---|---|
| Dewey Decimal Classification | Nsambya Medical School | Archbishop Kiwanuka Memorial Library | 20/06/2008 | 616.9792 UNA | 1011 | 24/02/2015 | 20/06/2008 | Book | ||||||
| Dewey Decimal Classification | UMU Rubaga Campus | UMU Rubaga Campus | 09/08/2011 | 616.9792 UNA | 35243 | 15/07/2019 | 09/08/2011 | Book | Faculty of Health Sciences | |||||
| Dewey Decimal Classification | UMU Rubaga Campus | UMU Rubaga Campus | 09/08/2011 | 616.9792 UNA | 35245 | 08/04/2026 | 09/08/2011 | Book | Faculty of Health Sciences |